| 000 | 00937cab a2200205 4500 | ||
|---|---|---|---|
| 001 | ABS43184 | ||
| 008 | 090401t1990 xxu||||| |||| 00| 0 eng d | ||
| 035 | _a(Sirsi) u40687 | ||
| 041 | _aeng | ||
| 245 | _aNewport BC v Khan (Sabz Ali) and others | ||
| 260 | _c1990 | ||
| 350 | _a0 | ||
| 490 |
_aWeekly Law Reports _v(1990) 1 WLR 1185-1194(10) |
||
| 520 | _aCA 9 May 1990. At issue was the procedure of granting injunctions under Local Government Act 1972 s222(1) and County Courts Act 1984 s22 with respect to the breach of a tree preservation order . Although the courts were correct in granting an injunction under these acts, the appeal was allowed since it was unlikely that the appellant would commit further breaches of the order and an injunction in support of criminal law was unnecessary. | ||
| 650 | _aCONSERVATION AREA | ||
| 650 | _aPLANNING | ||
| 690 | _aCONSERVATION-CASE LAW | ||
| 942 | _n0 | ||
| 948 | _c04/03/1997 | ||
| 999 |
_c26073 _d26073 |
||